Fr. Conceicao Rodrigues College of Engineering

Health care Information Management systems:Cases (Record no. 18443)

MARC details
000 -LEADER
fixed length control field 00377nam a2200145Ia 4500
082 ## - DEWEY DECIMAL CLASSIFICATION NUMBER
Classification number 362.1068
Item number BAL
100 ## - MAIN ENTRY--PERSONAL NAME
Personal name Ball/ Marrions J/ Weaver/C.A
245 ## - TITLE STATEMENT
Title Health care Information Management systems:Cases
260 ## - PUBLICATION, DISTRIBUTION, ETC.
Name of publisher, distributor, etc. Health Informatics Series
Date of publication, distribution, etc. 2009
300 ## - PHYSICAL DESCRIPTION
Extent 756
546 ## - LANGUAGE NOTE
Language note ENGLISH
-- PAMPHALETS
650 ## - SUBJECT ADDED ENTRY--TOPICAL TERM
Topical term or geographic name entry element Health care Information
942 ## - ADDED ENTRY ELEMENTS (KOHA)
Koha item type BOOK
Holdings
Withdrawn status Lost status Damaged status Not for loan Collection Home library Current library Date acquired Source of acquisition Inventory number Total Checkouts Full call number Barcode Date last seen Price effective from Koha item type
        CRC Fr. Agnel's C.Rodrigues College of Engineering Fr. Agnel's C.Rodrigues College of Engineering 17/03/2023 Student Centre 337 dt 20/02/2013   362.1068 BAL 22539 17/03/2023   BOOK
        CRC Fr. Agnel's C.Rodrigues College of Engineering Fr. Agnel's C.Rodrigues College of Engineering 17/03/2023 Student Centre 337 dt 20/02/2013   362.1068 BAL 22540 17/03/2023   BOOK
        CRC Fr. Agnel's C.Rodrigues College of Engineering Fr. Agnel's C.Rodrigues College of Engineering 17/03/2023 Student Centre 337 dt 20/02/2013   362.1068 BAL 22541 17/03/2023   BOOK
        CRC Fr. Agnel's C.Rodrigues College of Engineering Fr. Agnel's C.Rodrigues College of Engineering 17/03/2023 Student Centre 337 dt 20/02/2013   362.1068 BAL 22542 17/03/2023   BOOK
        CRC Fr. Agnel's C.Rodrigues College of Engineering Fr. Agnel's C.Rodrigues College of Engineering 17/03/2023 Student Centre 337 dt 20/02/2013   362.1068 BAL 22543 17/03/2023   BOOK